| 000 | 00639nam a22001817a 4500 | ||
|---|---|---|---|
| 005 | 20251108164206.0 | ||
| 008 | 250721s1981 xx 000 0 ara d | ||
| 082 | 1 | 4 | _a301,42/ستو |
| 100 | 1 | _aستوب، ماري | |
| 245 | 1 | 0 |
_aأسرار الحياة الزوجية : _bرشد المتزوجين و من هم على أهية الزواج إلى تدارك العائلي / |
| 250 | _aط11. | ||
| 264 | 1 |
_aبيروت : _bدار الأندلس للطباعة والنشر والتوزيع، _c1981. |
|
| 300 | _a332ص | ||
| 650 | 1 | 7 | _aالزواج |
| 700 | 1 |
_aحداد، نقولا _eترجمة |
|
| 942 |
_2ddc _cBK |
||
| 999 |
_c5980 _d5980 |
||